[Event "Klubbmesterskapet 2015 (A)"]
[Site "Ås, Akershus NOR"]
[Date "2015.02.05"]
[Round "3"]
[White "Furnes, Torstein"]
[Black "Lea, Per"]
[Result "1-0"]
[WhiteElo "1681"]
[BlackElo "1598"]
[Annotator "Furnes, Torstein"]
[PlyCount "143"]
[EventDate "2015.01.15"]

1. d4 Nf6 2. c4 g6 3. Nc3 Bg7 4. e4 d6 5. Nf3 O-O 6. Be2 e5 7. O-O Nh5 8. Be3
f5 {Et trekk som ikke er spilt tidligere hos chesslive.de. Der fortsetter alle
13 partiene med Sf4 i denne stillingen.} 9. exf5 Bxf5 10. Bg5 Bf6 11. Bxf6 Qxf6
12. dxe5 dxe5 13. Qd5+ Qe6 14. Qxe6+ Bxe6 15. Nxe5 Nf4 16. Bf3 c6 17. Rad1 Na6
18. Rd6 Rad8 19. Ne4 Bf5 20. Rfd1 $2 Rde8 21. Nxg6 $2 ({Hvit må spille} 21. Nd7
Bxe4 22. Bxe4 Rxe4 23. Nxf8 Kxf8 24. Rd8+) 21... hxg6 22. Nf6+ Rxf6 23. Rxf6
Ne6 24. g4 ({Fritz foreslår} 24. Bh5 $1) 24... Kg7 25. gxf5 Kxf6 26. fxe6 Rxe6
27. Kg2 Re7 28. Kg3 Nc5 29. h4 a5 30. Kf4 Ne6+ 31. Kg4 Nc5 32. Rd6+ Kg7 33. Rd4
Re1 34. a3 Rg1+ 35. Kh3 Rb1 36. Rd2 Kf6 37. Kg4 Rg1+ 38. Kf4 Rc1 39. Be2 Rh1 {
Begge har tidsnød og gjør unøyaktigheter i siste trekk før tidskontrollen:} 40.
Bg4 $6 (40. Rd6+) 40... Rb1 (40... Rxh4) 41. Rd6+ Kg7 42. Rxg6+ $1 Kxg6 43.
Bf5+ Kh5 44. Bxb1 Kxh4 45. Ke5 Na4 46. b3 Nc3 47. Bc2 Kg5 48. f4+ Kh6 49. Kf6
Ne2 50. f5 Nd4 51. Bd1 Kh7 52. Kf7 Kh8 53. f6 b5 54. cxb5 (54. Bg4 $1 {
avskjærer springeren og vinner raskere}) 54... cxb5 55. Kf8 Ne6+ 56. Ke7 Nf4
57. f7 Ng6+ 58. Ke8 Kg7 59. Bc2 (59. b4) 59... Nf8 60. Bd3 (60. b4) 60... b4
61. axb4 axb4 62. Bc4 Nh7 63. Ke7 Nf8 64. Kd6 Ng6 65. Kc5 Ne5 66. Kxb4 Nxf7 67.
Bxf7 Kxf7 68. Kc5 Ke7 69. Kc6 Kd8 70. Kb7 Kd7 71. b4 Kd6 72. b5 1-0

[Event "Klubbmesterskapet 2015 (A)"]
[Site "Ås, Akershus NOR"]
[Date "2015.02.05"]
[Round "3"]
[White "Moberg, Jan Rune"]
[Black "Støle, Andreas"]
[Result "0-1"]
[WhiteElo "1516"]
[BlackElo "1498"]
[PlyCount "86"]
[EventDate "2015.01.15"]

1. d4 Nf6 2. Bg5 d5 3. e3 h6 4. Bh4 c5 5. c3 cxd4 6. exd4 Bf5 7. Bb5+ Nbd7 8.
Nf3 a6 9. Ba4 b5 10. Bb3 e6 11. O-O Be7 12. Nbd2 O-O 13. Re1 a5 14. a4 b4 15.
c4 dxc4 16. Nxc4 Nd5 17. Bg3 N7b6 18. Nfe5 Nxc4 19. Nxc4 Nf6 20. Rc1 Be4 21.
Ne3 Bd6 22. Be5 Bb7 23. Qe2 Nd5 24. Nxd5 Bxd5 25. Bxd5 exd5 26. Qg4 f6 27. Qe6+
Kh8 28. Bxd6 Ra6 29. Bxf8 Rxe6 30. Rxe6 Qxf8 31. Rce1 Kh7 32. b3 Qc8 33. Rd6
Qc3 34. Rde6 Qxb3 35. g3 Qxa4 36. Rb6 Qa2 37. Re7 Qa1+ 38. Kg2 Qxd4 39. Rbb7 f5
40. h4 a4 41. h5 a3 42. Rb8 a2 43. Ra8 a1=Q 0-1

[Event "Klubbmesterskapet 2015 (A)"]
[Site "Ås, Akershus NOR"]
[Date "2015.02.19"]
[Round "3"]
[White "Taranger, Rune"]
[Black "Brenden, Torbjørn"]
[Result "1/2-1/2"]
[WhiteElo "1572"]
[BlackElo "1413"]
[Annotator "Lea, Per"]
[PlyCount "141"]
[EventDate "2015.01.15"]

1. e4 Nf6 2. e5 Nd5 3. Nc3 Nb6 4. d4 d6 5. f4 g6 6. Nf3 Bg7 7. Be2 d5 8. Be3 e6
9. O-O O-O 10. Nb5 Nc6 11. b3 a6 12. Na3 Ne7 13. c4 Nd7 14. c5 c6 15. Ne1 Nf5
16. Qd2 h5 17. Nd3 f6 18. Nc2 Qe7 19. b4 b5 20. cxb6 Nxb6 21. Nc5 Nd7 22. Bf2
fxe5 23. dxe5 Re8 24. Nd4 Nxd4 25. Bxd4 Nxc5 26. Bxc5 Qf7 27. Bd3 Bf8 28. Qc2
Bxc5+ 29. bxc5 Kg7 30. Rf3 Rh8 31. Rg3 Rh6 32. Rf1 h4 33. Rg4 Bd7 34. f5 $2 (
34. h3 a5 35. Qb1 Qe8 36. f5) 34... exf5 35. Bxf5 Rf8 36. e6 Bxe6 37. Qc3+ Qf6
38. Qxf6+ Rxf6 39. Bxe6 Rxe6 {Fordelen har vippet over til svart...} 40. Rgf4
Re7 41. Ra4 Ra7 42. Rf3 g5 43. Rfa3 Rf6 44. Rxa6 Re7 45. Ra7 Rxa7 46. Rxa7+ Kg6
47. Rc7 Kf5 48. a4 Ke4 49. Rd7 $2 (49. a5 d4 50. a6 Kd5 51. a7 Rf8 52. Rb7 d3
53. Rf7 (53. Rb8 $4 d2 54. Rxf8 d1=Q+ 55. Rf1 Qd4+ 56. Kh1 Qa4 $19) 53... Re8
54. Re7 Rf8 55. Rf7 {Remis}) 49... Kd4 (49... d4 50. Rd6 Rf5 51. Rxc6 d3 52.
Rd6 Rxc5 53. Kf2 Rc2+ 54. Kf1 Ke3 55. Re6+ Kd4 56. Ke1 Rxg2 $19) 50. Rd6 Rf8
51. Rxc6 Ra8 52. Rg6 Kxc5 53. Rxg5 Rxa4 54. Rh5 Re4 55. Kf2 Kc4 56. Kf3 Rd4 57.
g4 hxg3 58. hxg3 {Stillingen er remis i følge Nalimov-basen} Rd3+ 59. Kf4 Rd1
60. g4 d4 61. g5 Rf1+ 62. Ke5 d3 63. Rh2 Re1+ 64. Kf6 Re2 65. Rh8 Rf2+ 66. Ke7
Rf5 67. g6 {Her var det mulig for hvit å trå feil: bortsett fra dette
bondetrekket, så er det bare tårnsjakker på c8 eller h4 som holder partiet.} d2
68. Rd8 Rd5 69. Rxd5 Kxd5 70. g7 d1=Q 71. g8=Q+ {Etter at materiellet var
redusert til 6 brikker, holdt spillerne seg innenfor remisgrensa resten av
partiet, tidsnød til tross. Imponerende!} 1/2-1/2

[Event "Klubbmesterskapet 2015 (A)"]
[Site "Ås, Akershus NOR"]
[Date "2015.02.19"]
[Round "3"]
[White "Kielland-Lund, Jon"]
[Black "Lange, Holger"]
[Result "1/2-1/2"]
[WhiteElo "1547"]
[BlackElo "1587"]
[Annotator "Lange, Holger"]
[PlyCount "69"]
[EventDate "2015.01.15"]

1. c4 e5 2. Nc3 Nf6 3. Nf3 Nc6 4. g3 d5 5. cxd5 Nxd5 6. Bg2 Be6 7. O-O Be7 8.
d4 Nxc3 9. bxc3 exd4 10. Nxd4 Nxd4 11. cxd4 c6 12. Qa4 O-O 13. e3 Qd7 14. Rd1
Rfd8 15. Bb2 Bf6 16. Ba3 Bh3 17. Bh1 Bg4 18. Rdc1 h5 19. Rab1 Be6 20. Bb4 h4
21. Rb2 hxg3 22. fxg3 $2 Bd5 $6 (22... Bxd4 $1 23. exd4 Qxd4+ 24. Rf2 {Svart
hadde regnet til her, og skjønte ikke at} a5 $1 {vinner løperen tilbake, med
stor fordel}) 23. Rf2 Re8 24. Bd2 Qe6 25. Bxd5 Qxd5 26. Qb3 (26. Rc5 {blir
minimalt bedre, med helt lik stilling ifølge Stockfish. Etter damebytte blir
det mer aktivitet for svart}) 26... Qxb3 27. axb3 Bg5 28. Re2 Rad8 29. Rc5 Bf6
30. Kf2 Re6 $2 (30... Rxd4 $1 31. exd4 Bxd4+ 32. Be3 {og her mente svart at
han ligger tårn under etter} Bxe3+ $4 {og ofrer på d4 er dermed uaktuell. Men
svart spiller isteden} (32... Rxe3 $1 33. Rxe3 Bxc5 $19 {og svart vinner
bondesluttspill ganske enkelt.})) 31. Ra5 a6 32. b4 Rde8 33. Re1 Bd8 34. Raa1
Bf6 35. Ra5 {remistilbud fra hvit. Stillingen er fortsatt fordelaktig for
svart, men jeg hadde dårlig tid og sa ikke noe avgjørende.} 1/2-1/2

[Event "Klubbmesterskapet 2015 (B)"]
[Site "Ås, Akershus NOR"]
[Date "2015.01.27"]
[Round "3"]
[White "Simonsen, Steinar"]
[Black "Olsen, Trygve"]
[Result "0-1"]
[WhiteElo "1300"]
[BlackElo "1240"]
[PlyCount "70"]
[EventDate "2015.01.15"]

1. c4 g6 2. Nc3 Bg7 3. d4 c6 4. Nf3 d5 5. cxd5 cxd5 6. g3 Nf6 7. Bg2 O-O 8. O-O
Ne4 9. e3 e6 10. Nxe4 dxe4 11. Nd2 f5 12. Nb3 b6 13. Bd2 Bb7 14. Bc3 Nd7 15. f3
Nf6 16. Nd2 Nd5 17. Re1 Bh6 18. f4 Nf6 19. Qb3 Bd5 20. Qa4 Qc7 21. Rac1 Qb7 22.
Bf1 a6 23. Bb4 Rfc8 24. Bd6 b5 25. Qa3 Rxc1 26. Rxc1 Rc8 27. Rxc8+ Qxc8 28. b3
Qc3 29. Bb4 Qxe3+ 30. Kg2 Ng4 31. Kh3 Qxd4 32. Bc5 Qxd2 33. Bg2 e3 34. Kh4 Qxg2
35. h3 Nf2 0-1

[Event "Klubbmesterskapet 2015 (B)"]
[Site "Ås, Akershus NOR"]
[Date "2015.02.05"]
[Round "3"]
[White "Garmark, Vegard"]
[Black "Svebestad, Erlend"]
[Result "1-0"]
[WhiteElo "1219"]
[BlackElo "1360"]
[PlyCount "45"]
[EventDate "2015.01.15"]

1. c4 Nf6 2. g3 e6 3. Bg2 d5 4. d4 c5 5. dxc5 Bxc5 6. Nf3 O-O 7. O-O Nc6 8.
cxd5 Nxd5 9. e4 Nf6 10. Nc3 Qxd1 11. Rxd1 Ng4 12. Rd2 f5 13. h3 Nh6 14. Re2 Nf7
15. exf5 exf5 16. Bf4 Bd7 17. Rd1 Rad8 18. Ng5 Be7 19. Nxf7 Rxf7 20. Bd5 Be8
21. Bxf7+ Bxf7 22. Rxd8+ Nxd8 23. Rxe7 1-0

[Event "Klubbmesterskapet 2015 (B)"]
[Site "Ås, Akershus NOR"]
[Date "2015.02.05"]
[Round "3"]
[White "Naasen, Nils"]
[Black "Stensland, Martin"]
[Result "1-0"]
[WhiteElo "1239"]
[BlackElo "1174"]
[PlyCount "53"]
[EventDate "2015.01.15"]

1. d4 e6 2. c4 Nf6 3. Nf3 Be7 4. Nc3 a6 5. e4 d6 6. Bd3 Nc6 7. O-O O-O 8. a3 e5
9. d5 Nd4 10. Nxd4 exd4 11. Ne2 c5 12. dxc6 bxc6 13. Nxd4 Qc7 14. b3 c5 15. Ne2
Bb7 16. f3 Nd7 17. Bc2 Bf6 18. Rb1 Rad8 19. Kh1 Ne5 20. Nf4 Ng6 21. Nd5 Bxd5
22. exd5 Be5 23. Qd3 Qe7 24. f4 Bd4 25. f5 Ne5 26. f6 Nxd3 27. fxe7 1-0

[Event "Klubbmesterskapet 2015 (B)"]
[Site "Ås, Akershus NOR"]
[Date "2015.02.05"]
[Round "3"]
[White "Ruud, Kjetil"]
[Black "Bø, Martin"]
[Result "1-0"]
[WhiteElo "1301"]
[BlackElo "1174"]
[Annotator "Furnes, Torstein"]
[PlyCount "113"]
[EventDate "2015.01.15"]

1. e4 c6 2. f4 d5 3. e5 f6 4. d4 fxe5 5. Qh5+ g6 6. Qxe5 Nf6 7. Bd3 Nbd7 8. Qg5
Ne4 9. Bxe4 dxe4 10. Bd2 Bg7 11. Ne2 Qb6 12. Bc3 Nf6 13. h3 Nd5 14. Nd2 Nxc3
15. bxc3 Qb2 16. Rc1 Qxa2 17. Nxe4 Bf5 18. N2g3 Bxe4 19. Nxe4 Qe6 20. O-O Bxd4+
21. cxd4 Qxe4 22. Rce1 Qxd4+ 23. Rf2 O-O-O 24. Rxe7 Rde8 25. g4 Rxe7 26. Qxe7
Qd7 27. Qb4 Re8 28. Rd2 Qe6 29. Qd4 Qe3+ 30. Qxe3 Rxe3 31. Kg2 Re7 32. Kf3 b5
33. f5 Rf7 34. Kf4 a5 35. Ke5 Rd7 36. Rf2 gxf5 37. gxf5 Kd8 38. f6 Rf7 39. Ke6
Ke8 40. Kd6 a4 41. Kxc6 a3 42. Kxb5 a2 43. Rf1 Rxf6 (43... Rb7+ 44. Kc6 Rb1 45.
f7+ Kf8 $19) 44. Ra1 Rf3 45. Rxa2 Rxh3 {Dermed er vi over i et 6-brikkers
sluttspill. Nalimov Endgame Tablebases kan fastslå at stillingen på brettet nå
er remis.} 46. c4 Rc3 47. Ra8+ Kf7 48. Ra7+ Kg6 49. c5 Rb3+ 50. Kc4 Rb8 51. c6
Rc8 52. Kc5 Kf6 {Tapstrekket. Svart har fortsatt remis om han spiller h-bonden
et eller to felt fram. Alle andre trekk taper. Etter Kf6 har hvit matt i 20
trekk.} 53. Rxh7 Ke6 54. Kb6 Kd6 55. Rh6+ Ke7 56. Kb7 Kd8 57. Rh8+ 1-0

[Event "Klubbmesterskapet 2015 (B)"]
[Site "Ås, Akershus NOR"]
[Date "2015.02.05"]
[Round "3"]
[White "Fuglseth, Jan"]
[Black "Rønbeck, Bjørn"]
[Result "0-1"]
[WhiteElo "1404"]
[BlackElo "1158"]
[PlyCount "104"]
[EventDate "2015.01.15"]

1. c4 e6 2. Nc3 Bb4 3. g3 c6 4. a3 Bxc3 5. bxc3 d5 6. cxd5 cxd5 7. Nf3 b6 8.
Bg2 Bb7 9. O-O Ne7 10. d4 Ba6 11. Re1 O-O 12. Bg5 f6 13. Bd2 Nd7 14. e4 Bb7 15.
exd5 Bxd5 16. Qa4 Qc7 17. Rac1 Qb7 18. Nh4 e5 19. Bxd5+ Qxd5 20. Ng2 Rf7 21.
Be3 Nf5 22. Red1 Qe6 23. d5 Qe8 24. c4 g5 25. Bd2 Qc8 26. Qc2 Nh6 27. Qe4 Nc5
28. Qe2 Qh3 29. Ne3 e4 30. Qf1 Qxf1+ 31. Kxf1 f5 32. Ng2 Nd3 33. Rc3 Ng4 34.
Be3 Nxh2+ 35. Ke2 f4 36. gxf4 gxf4 37. Nxf4 Nxf4+ 38. Kd2 Nd3 39. Rh1 Nf3+ 40.
Ke2 Rg7 41. Rxd3 Ng1+ 42. Kf1 exd3 43. Rxg1 Rxg1+ 44. Kxg1 Rc8 45. d6 Kf7 46.
Kf1 Rxc4 47. Ke1 Rc3 48. Kd2 Rxa3 49. f4 Ke6 50. f5+ Kxd6 51. Bd4 Ke7 52. Bc3
Rxc3 0-1

[Event "Klubbmesterskapet 2015 (C)"]
[Site "Ås, Akershus NOR"]
[Date "2015.01.22"]
[Round "3"]
[White "Sandvik, Sander"]
[Black "Samset, Jon"]
[Result "1-0"]
[WhiteElo "860"]
[BlackElo "1150"]
[PlyCount "89"]
[EventDate "2015.01.15"]

1. e4 g6 2. d4 Bg7 3. Nf3 Nf6 4. Nbd2 d6 5. Bc4 h6 6. O-O O-O 7. Re1 Bg4 8. h3
Bh5 9. e5 dxe5 10. dxe5 Bxf3 11. Qxf3 Nh7 12. Qxb7 Nd7 13. e6 Ne5 14. Rxe5 Bxe5
15. exf7+ Kg7 16. Qe4 Qd6 17. Nf3 Qd1+ 18. Bf1 Qd6 19. Qxe5+ Nf6 20. Qxd6 exd6
21. Bd2 Ne4 22. Ba5 c6 23. Nd4 Rxf7 24. f3 c5 25. fxe4 cxd4 26. Rd1 Raf8 27.
Bc4 Rf2 28. Bb3 d3 29. Rxd3 Rf1+ 30. Kh2 R8f2 31. Rxd6 h5 32. Rd7+ Kh6 33. Bd2+
g5 34. Rd6+ Kg7 35. Bxg5 Rb1 36. Be3 Re2 37. Bxa7 Rxe4 38. c4 Re2 39. c5 Rbxb2
40. Bd5 h4 41. c6 Red2 42. Rd7+ Kg6 43. Be4+ Kh5 44. Rxd2 Rxd2 45. c7 1-0

[Event "Klubbmesterskapet 2015 (C)"]
[Site "Ås, Akershus NOR"]
[Date "2015.02.26"]
[Round "3"]
[White "Heien, Aksel"]
[Black "Petersen, Rune J"]
[Result "1-0"]
[WhiteElo "893"]
[BlackElo "861"]
[Annotator "Lea,Per"]
[PlyCount "104"]
[EventDate "2015.01.15"]

1. f4 e6 2. Nf3 Nf6 3. e3 Nc6 4. c3 d5 5. d4 Bd6 6. Bd3 Bd7 7. O-O Ne4 8. Ne5
Qe7 9. Qf3 f5 10. Qh5+ Kd8 11. Nf7+ Kc8 12. Nxh8 g6 13. Nxg6 hxg6 14. Qxg6 Be8
15. Qh6 Kd7 16. Bxe4 fxe4 17. Qh3 Bg6 18. g3 Rg8 19. Nd2 Bf5 20. Qg2 Qh7 21.
Rf2 Bh3 22. Qh1 Ne7 23. b3 Nf5 24. Bb2 Nxe3 25. Re1 Ng4 26. Rff1 Bxf1 27. Kxf1
Qh3+ 28. Ke2 Nf6 29. Kd1 Qg4+ 30. Kc1 Rh8 31. Nf1 Nh5 32. Ne3 Qg6 33. Qg2 Nf6
34. h4 Nh5 35. Qf2 Nf6 36. Rg1 Ng4 37. Nxg4 Qxg4 38. Kd2 a6 39. Qe2 Bxf4+ 40.
Kd1 Qxe2+ 41. Kxe2 Rg8 42. g4 Ke7 43. g5 e5 44. Rg4 Ke6 45. dxe5 Bxe5 46. g6
Kf5 47. Rg5+ Kf4 $2 (47... Kf6 $17) 48. Bc1+ e3 49. Bxe3+ Ke4 50. h5 Bxc3 51.
h6 Bf6 52. h7 Bg7 1-0

[Event "Klubbmesterskapet 2015 (A)"]
[Site "Ås, Akershus NOR"]
[Date "2015.02.12"]
[Round "4"]
[White "Holm, Bjarne"]
[Black "Lange, Holger"]
[Result "0-1"]
[WhiteElo "1547"]
[BlackElo "1587"]
[PlyCount "34"]
[EventDate "2015.01.15"]

1. e4 Nf6 2. Nc3 d5 3. exd5 Nxd5 4. Bc4 c6 5. d4 Bf5 6. Nf3 e6 7. a3 Be7 8. O-O
O-O 9. Ne2 Nb6 10. Bb3 Bg4 11. Qd3 Bf6 12. c3 Na6 13. Rd1 Rc8 14. Ng3 g6 15. h3
Bxf3 16. Qxf3 Bg7 17. Bg5 $4 (17. Ne4 $16) 17... Qxg5 0-1

[Event "Klubbmesterskapet 2015 (A)"]
[Site "Ås, Akershus NOR"]
[Date "2015.02.12"]
[Round "4"]
[White "Støle, Andreas"]
[Black "Kielland-Lund, Jon"]
[Result "0-1"]
[WhiteElo "1498"]
[BlackElo "1547"]
[PlyCount "98"]
[EventDate "2015.01.15"]

1. e4 c6 2. d4 d5 3. f3 dxe4 4. fxe4 e5 5. Nf3 Bg4 6. Bc4 Nd7 7. O-O Ngf6 8. c3
Qb6 9. Nbd2 Be7 10. a4 a5 11. Qb3 Qxb3 12. Nxb3 O-O 13. Bg5 Bxf3 14. Rxf3 Bd6
15. Raf1 b6 16. dxe5 Nxe5 17. Bxf6 Nxf3+ 18. Rxf3 gxf6 19. Rxf6 Rad8 20. g4 Kg7
21. g5 Be7 22. Rf5 c5 23. Bd5 f6 24. Nd2 fxg5 25. Re5 Bf6 26. Re6 Rb8 27. e5
Bd8 28. Rd6 Re8 29. e6 Re7 30. Nc4 Bc7 31. Rc6 Kf6 32. Ne3 Rd8 33. Bc4 Ke5 34.
Ng4+ Kf5 35. h3 h5 36. Ne3+ Ke4 37. Nc2 Rd1+ 38. Bf1 Rd6 39. Bg2+ Kd3 40. Ne1+
Ke2 41. Rxd6 Bxd6 42. Nf3 Bf4 43. h4 g4 44. Ng5 Bxg5 45. hxg5 Rxe6 46. b4 axb4
47. cxb4 cxb4 48. Kh2 Kf2 49. Bd5 Rg6 0-1

[Event "Klubbmesterskapet 2015 (A)"]
[Site "Ås, Akershus NOR"]
[Date "2015.02.12"]
[Round "4"]
[White "Brenden, Torbjørn"]
[Black "Moberg, Jan Rune"]
[Result "0-1"]
[WhiteElo "1413"]
[BlackElo "1516"]
[PlyCount "105"]
[EventDate "2015.01.15"]

1. d4 d6 2. Nf3 Nd7 3. b3 g6 4. Bb2 Bg7 5. e4 c5 6. Nbd2 a6 7. a4 Ngf6 8. g3
O-O 9. Bg2 Qc7 10. O-O Rb8 11. a5 b5 12. axb6 Nxb6 13. Rb1 a5 14. e5 Nfd5 15.
exd6 exd6 16. dxc5 dxc5 17. Bxg7 Kxg7 18. Qc1 Nc3 19. Qb2 Nbd5 20. Nc4 f6 21.
Ra1 Ne2+ 22. Kh1 a4 23. Rxa4 Ndc3 24. Raa1 Be6 25. Nfd2 h5 26. Rfe1 Bg4 27. Ne3
Bd7 28. Nd5 Nxd5 29. Rxe2 Bc6 30. Rae1 Rf7 31. Nc4 h4 32. Kg1 Rh8 33. h3 hxg3
34. fxg3 Qxg3 35. Kf1 Rh5 36. Rf2 Rg5 37. Re6 Bd7 38. Ree2 Nf4 39. Re3 Qh2 40.
Rxf4 Qxf4+ (40... Rxg2 $1 41. Ke1 Qxf4 42. Qc3 Bg4 $1 43. hxg4 Rg1+ 44. Kd2
Rd7+) 41. Rf3 Qd4 42. Qxd4 cxd4 43. Rd3 Bf5 44. Rxd4 Bxc2 45. Nd6 Re7 46. b4
Rge5 47. Bf3 Re3 48. Kf2 Rd3 49. Rxd3 Bxd3 50. b5 Rd7 51. Ne8+ Kf7 52. b6 Kxe8
53. Bc6 0-1

[Event "Klubbmesterskapet 2015 (A)"]
[Site "Ås, Akershus NOR"]
[Date "2015.02.12"]
[Round "4"]
[White "Lea, Per"]
[Black "Taranger, Rune"]
[Result "1-0"]
[WhiteElo "1598"]
[BlackElo "1572"]
[Annotator "Lea, Per"]
[PlyCount "19"]
[EventDate "2015.01.15"]

1. e4 c5 2. Nf3 d6 3. d4 cxd4 4. Nxd4 Nf6 5. Nc3 g6 6. f4 Bg7 7. e5 dxe5 ({
Etter lang betenkningstid spilte Raymond Vagle} 7... Ng8 {mot meg i
Østlandsseriens 1. divisjon 2007. Partiet fortsatte} 8. Bb5+ Bd7 9. exd6 Nh6 {
Andre har forsøkt} (9... a6 {eller}) (9... Nc6 {Men ratingforskjellen var over
300 i dette partiet, og svart snudde partiet til sin fordel og vant etter 45
trekk.})) 8. fxe5 Ng4 $2 (8... Nfd7 {er det minste av flere onder...} 9. e6 Ne5
10. exf7+ Nxf7 11. Bb5+ Bd7 12. O-O $14) 9. Bb5+ Kf8 (9... Bd7 10. Qxg4 $18) (
9... Nc6 {er ikke fullt sa lettvunnet for hvit som man skulle tro:} 10. Nxc6
Qxd1+ 11. Nxd1 (11. Kxd1 Nf2+ 12. Ke2 Nxh1 13. Nxa7+ Bd7 14. Bxd7+ Kxd7 15. Be3
Bxe5 16. Rxh1 Bxc3 17. bxc3 $16) 11... a6 (11... Bd7 12. Nd4 $18) 12. Ba4 Bd7
13. h3 Nh6 14. Nxe7 Bxa4 15. Nd5 Rd8 16. N1c3 Bc6 17. Bg5 Bxd5 18. O-O-O $18 {
Her var det mange muligheter for hvit til å trå feil.}) 10. Ne6+ {Svart gjorde
nøyaktig det samme som Lars Furu Kjelsas gjorde mot meg i NM for klubblag i
2008: han ga opp. Svart mister dronninga.} 1-0

[Event "Klubbmesterskapet 2015 (A)"]
[Site "Ås, Akershus NOR"]
[Date "2015.02.19"]
[Round "4"]
[White "Thowsen, Alf Geir"]
[Black "Furnes, Torstein"]
[Result "0-1"]
[WhiteElo "1224"]
[BlackElo "1681"]
[Annotator "Furnes, Torstein"]
[PlyCount "90"]
[EventDate "2015.01.15"]

1. e4 c5 2. Nf3 Nc6 3. Nc3 d6 4. d4 cxd4 5. Nxd4 e5 6. Nf3 Nf6 7. Bc4 Bg4 8.
Qd3 Be7 9. O-O O-O 10. Bg5 Qd7 11. Rad1 Rad8 12. Bxf6 Bxf6 13. Rd2 Nb4 14. Qe3
Qc7 15. Bb3 Qc5 16. Qe2 Bg5 17. Na4 Qc7 18. Rdd1 Kh8 19. a3 Nc6 20. h3 Nd4 21.
Rxd4 Bxf3 22. Rc4 Bxe2 23. Rxc7 Bxf1 24. Kxf1 f5 25. exf5 Rxf5 26. Rxb7 Be3 27.
Rf7 Rxf7 28. Bxf7 Bxf2 29. Ke2 Bb6 30. Bd5 Rf8 31. Nxb6 axb6 32. c4 Rf4 $6 33.
a4 g5 $6 34. b4 Rf8 $6 (34... g4 35. a5 gxh3 36. gxh3 bxa5 37. bxa5 Rh4 38. a6
Rxh3 39. a7 Ra3 40. a8=Q+ Rxa8 41. Bxa8 Kg7) 35. Ke3 (35. a5 bxa5 36. bxa5 Rc8
(36... Rb8 37. c5 $1 dxc5 38. a6 Kg7 39. a7 Rd8 40. a8=Q Rxa8 41. Bxa8 $18) 37.
a6 Rc7 38. Bb7 Rxc4 39. a7 Ra4 40. a8=Q+ Rxa8 41. Bxa8 Kg7 $18) 35... Kg7 36.
g3 Rf1 37. Kd2 Ra1 38. Bc6 Ra3 39. h4 g4 40. a5 bxa5 41. b5 Rb3 42. Be4 h5 (
42... a4 43. Bc2 e4 $1 44. Bxb3 (44. Bxe4 a3 45. Kc2 a2 46. Kxb3 a1=Q 47. b6
Qd4 48. b7 Qxe4 49. b8=Q Qb1+ 50. Kc3 Qxb8) 44... axb3 45. Kc3 (45. b6 e3+ 46.
Kc1 e2 47. b7 e1=Q+) 45... e3 46. Kxb3 e2) 43. Bd3 Kf6 (43... a4 44. Bc2 (44.
Kc2 Rb4 45. Kc3 a3 46. Kxb4 a2) 44... e4 $1 45. Bxb3 axb3 46. Kc3 e3) 44. Bc2
Rb4 (44... Rb2 45. Kc3 Rxc2+ 46. Kxc2 Ke7 $19) 45. Be4 (45. Kc3 d5 46. cxd5
Rxb5) 45... Rxc4 0-1

[Event "Klubbmesterskapet 2015 (B)"]
[Site "Ås, Akershus NOR"]
[Date "2015.02.19"]
[Round "4"]
[White "Garmark, Vegard"]
[Black "Naasen, Nils"]
[Result "0-1"]
[WhiteElo "1219"]
[BlackElo "1239"]
[PlyCount "128"]
[EventDate "2015.01.15"]

1. c4 f5 2. g3 Nf6 3. Bg2 e6 4. d4 d5 5. Nc3 Be7 6. Nf3 c6 7. O-O O-O 8. Qb3
Na6 9. Ne5 Nc7 10. Bf4 Nh5 11. Bd2 Bd6 12. Nf3 b6 13. Bg5 Nf6 14. Rac1 Bd7 15.
cxd5 exd5 16. Qc2 h6 17. Be3 Ne4 18. Nh4 Qf6 19. Nxe4 fxe4 20. f3 exf3 21. Rxf3
Qe6 22. Rcf1 Rxf3 23. Rxf3 Rf8 24. Qd2 Rxf3 25. exf3 Be7 26. Bf4 Ne8 27. Be5
Bxh4 28. gxh4 Qg6 29. Qe2 Bh3 30. Bg3 Bxg2 31. Kxg2 Qf7 32. Qe5 Nf6 33. Qd6 Qd7
34. Kf2 Qxd6 35. Bxd6 Kf7 36. Ke3 Ke6 37. Bf8 Nh5 38. f4 Kf7 39. Bd6 Nf6 40. h3
h5 41. b4 Ke6 42. Bb8 a6 43. a4 Ne4 44. Ba7 b5 45. a5 Ng3 46. Bb8 Nf5+ 47. Kf3
Nxd4+ 48. Kg3 Nc2 49. Be5 g6 50. Bc3 d4 51. Bd2 Kd5 52. Kf3 Na3 53. f5 gxf5 54.
Kf4 Nc4 55. Be1 d3 56. Kg5 Ke4 57. Kxh5 d2 58. Bxd2 Nxd2 59. Kg6 f4 60. h5 f3
61. h6 f2 62. h7 f1=Q 63. h8=Q Qf5+ 64. Kh6 Qxh3+ 0-1

[Event "Klubbmesterskapet 2015 (B)"]
[Site "Ås, Akershus NOR"]
[Date "2015.02.12"]
[Round "4"]
[White "Svebestad, Erlend"]
[Black "Olsen, Trygve"]
[Result "0-1"]
[WhiteElo "1360"]
[BlackElo "1240"]
[Annotator "Lea,Per"]
[PlyCount "116"]
[EventDate "2015.01.15"]

1. e4 c6 2. d4 e6 3. Nf3 d5 4. e5 Nd7 5. c4 Nb6 6. Nbd2 Bb4 7. c5 Nc4 8. Qa4
Bxd2+ 9. Nxd2 Nxd2 10. Bxd2 Qh4 11. Bd3 Ne7 12. O-O O-O 13. Be3 f5 14. f4 Ng6
15. Rf3 Bd7 16. Rh3 Qe7 17. Qd1 Be8 18. Qh5 h6 19. Qf3 b6 20. Qg3 bxc5 21. dxc5
Rb8 22. b3 Rb4 23. Be2 d4 24. Bd2 Rb8 25. Bh5 Kh7 26. b4 a5 27. a3 Bf7 28.
Bxg6+ Bxg6 29. Qf2 Rfd8 30. Rd3 axb4 31. axb4 Ra8 32. Rxa8 Rxa8 33. Qxd4 Qa7
34. Bc3 Qa2 35. h3 Qb1+ 36. Rd1 Qb3 37. Ra1 Rxa1+ 38. Bxa1 Qb1+ 39. Kh2 Qe4 40.
Qd7 $4 (40. Qxe4 $16) 40... Qxf4+ 41. Kh1 Qf1+ 42. Kh2 Qxa1 43. Qxe6 Qa4 44.
Qc4 Qa1 45. e6 Qe5+ 46. Kg1 f4 47. e7 Be4 48. Qf7 Bg6 49. Qf8 Qe3+ 50. Kh1 Qe1+
51. Kh2 Qg3+ 52. Kg1 Be4 53. Kf1 Qxg2+ 54. Ke1 Qg3+ 55. Kd2 Qe3+ 56. Kd1 Bg6
57. Qd8 f3 58. Qd2 Qg1+ 0-1

[Event "Klubbmesterskapet 2015 (B)"]
[Site "Ås, Akershus NOR"]
[Date "2015.02.12"]
[Round "4"]
[White "Bø, Martin"]
[Black "Fuglseth, Jan"]
[Result "0-1"]
[WhiteElo "1174"]
[BlackElo "1404"]
[PlyCount "68"]
[EventDate "2015.01.15"]

1. e4 g6 2. d4 Bg7 3. Nf3 d6 4. h3 Nf6 5. Nc3 b6 6. Bd3 O-O 7. O-O Bb7 8. Re1
Nbd7 9. b4 c5 10. bxc5 bxc5 11. e5 Nd5 12. Nxd5 Bxd5 13. exd6 exd6 14. Be4 Bxe4
15. Rxe4 d5 16. Re1 Qa5 17. Bf4 Rfe8 18. Bd2 Qa4 19. c3 Qc6 20. Rb1 Nf6 21. Ne5
Qc7 22. Bf4 Qa5 23. Qb3 cxd4 24. cxd4 Rac8 25. Rec1 Rxc1+ 26. Rxc1 Ne4 27. f3
Nf6 28. Bg5 Nh5 29. Rc5 $4 (29. Nc6 Re1+ (29... Qb6 30. Qxb6 axb6 $11) 30. Kf2
$18) 29... Qe1+ 30. Kh2 Qg3+ 31. Kg1 Qxg5 32. Qxd5 Bxe5 33. dxe5 Nf4 34. Qd2
Nxh3+ 0-1

[Event "Klubbmesterskapet 2015 (B)"]
[Site "Ås, Akershus NOR"]
[Date "2015.02.12"]
[Round "4"]
[White "Stensland, Martin"]
[Black "Ruud, Kjetil"]
[Result "1/2-1/2"]
[WhiteElo "1174"]
[BlackElo "1301"]
[Annotator "Lea, Per"]
[PlyCount "29"]
[EventDate "2015.01.15"]

1. Nf3 b6 2. Nc3 Bb7 3. e4 d5 4. exd5 Bxd5 5. Nxd5 Qxd5 6. Be2 e6 7. O-O Nd7 8.
c3 Bd6 9. d4 Ngf6 10. Re1 Ng4 11. g3 h5 12. Nh4 O-O-O 13. Bf3 Qc4 14. Be2 {
Ingen grunn til at hvit skal gå for remis her, men ratingforskjellen førte
kanskje til overdreven respekt...?} (14. Bg2) 14... Qc6 15. Bf3 1/2-1/2